| 000 | 00814cam a22002412 4500 | ||
|---|---|---|---|
| 001 | 0000004576 | ||
| 005 | 20151217145817.0 | ||
| 008 | 070525s xx 000 0 eng d | ||
| 020 |
_a0198509154 : _cKES 10,423 |
||
| 040 |
_aKABU _cKABU |
||
| 050 | 0 |
_aQH212 _b.T7S64 2003 |
|
| 100 | 1 |
_aSpence, John C. H. _@0000155209 |
|
| 245 | 1 | 0 |
_aHigh-resolution electron microscopy / _cJohn C. H. Spence. |
| 250 | _a3rd ed. | ||
| 260 |
_aOxford ; _aNew York : _bOxford University Press, _c2003. |
||
| 300 |
_aix, 401 p. ; _c24 cm. |
||
| 500 | _aMonographs on the physics and chemistry of materials. | ||
| 504 | _aIncludes bibliographical references and index. | ||
| 650 | 0 |
_aTransmission electron microscopy. _@0000155210 |
|
| 908 | _a070525 | ||
| 950 | _@1 | ||
| 999 |
_c2788 _d2788 |
||